000 00583nam a2200193 i 4500
001 140727
003 ES-MaACL
005 20230906200136.0
007 t|
008 070917s1959 sp bf |||| | spa d
080 _a94(38)
100 1 _aWilcken, Ulrich.
_9116805
245 1 0 _aHistoria de Grecia en la perspectiva del mundo antiguo /
_cUlrich Wilcken.
250 _a3ª ed..., rev.
260 _a[Madrid] :
_bPegaso,
_c1959.
300 _aXIII p., 458 p., VIII h. de lám., 2 h. de mapas pleg. ;
_c23 cm.
651 4 _aGrecia-
_xHistoria.
_98777
852 _aES-MaACL
_jC-16514
999 _c140727
_d140727